000 01825nam a22002537a 4500
003 Uzh_bibl
008 260409b |||||||| |||| 00| 0 ukr d
020 _a966-7379-95-6
_c1.50
040 _aукр.
041 _2ukr
_aukr
080 _a821(477)
090 _a821(477)
_bП 52
100 _aПолтава, Леонід
245 _aПрофілі
_hТекст
260 _aЛьвів
_bЛогос
_c2001
300 _a218 с.
520 _aЗбірка творів відомого поета діаспори Леоніда Полтави виходять в Україні з нагоди його 80-літнього ювілею. Твори просякнуті любов'ю до рідного краю, донедавна не мали змогу бути друковані на Батьківщині, тож певною мірою ім'я поета є новим для співвітчизників. Видання буде корисним шанувальникам української поезії та вчителям літератури, філологам, історикам.
521 _aДля широкого кола читачів
546 _aукр.
650 _aЛітературно-художнє видання
_yРізні історичні періоди ХХ століття, а також умовний, філософськи осмислений час
_zПодії мають узагальнений характер і розгортаються в різних місцях (Україна, інколи інші країни), залежно від окремої поеми
653 _aІсторія
_aЛюдина
_aДоля
_aПам’ять
_aОбраз
655 _aПоеми (ліро-епічна поезія)
_vПоеми
942 _2udc
_cBK
999 _c17300
_d17300